[Event "CAN op"]
[Site "Hamilton CAN"]
[Date "2022.07.14"]
[Round "5.46"]
[White "Oancea, Nicolae"]
[Black "Zaka, Mohid"]
[Result "1-0"]
[WhiteElo "2005"]
[BlackElo "1749"]
[PlyCount "92"]
[EventDate "2022.07.12"]
[EventType "swiss"]
[EventRounds "9"]
[EventCountry "CAN"]

1. e4 c6 2. d4 d5 3. e5 Bf5 4. h4 h5 5. c4 e6 6. Nc3 dxc4 7. Bxc4 Nd7 8. Nge2
Ne7 9. Ng3 Bg6 10. Bg5 Qa5 11. O-O Nf5 12. Nge4 Qb6 13. Ne2 Be7 14. Bxe7 Kxe7
15. Qd2 Rhd8 16. Qg5+ Kf8 17. Bxe6 Nxd4 18. Nxd4 Qxd4 19. Bxd7 Rxd7 20. Ng3 Re7
21. Rfe1 Rae8 22. Rad1 Qg4 23. f4 f6 24. Qxg4 hxg4 25. Rd6 Bh7 26. e6 g6 27. h5
f5 28. hxg6 Bxg6 29. Re5 Kg7 30. Ne2 Kf6 31. Nd4 Rh8 32. Rd7 Rhe8 33. Kf2 a6
34. Ke3 b6 35. Nxc6 Rxe6 36. Rxe6+ Rxe6+ 37. Ne5 Be8 38. Ra7 a5 39. Rh7 Bg6 40.
Rh6 Kg7 41. Rxg6+ Rxg6 42. Nxg6 Kxg6 43. Kd4 Kf6 44. Kd5 b5 45. g3 a4 46. a3
Ke7 1-0

[Event "CAN op"]
[Site "Hamilton CAN"]
[Date "2022.07.14"]
[Round "5.47"]
[White "Gaisinsky, Jacob"]
[Black "Kim, Noah"]
[Result "0-1"]
[WhiteElo "1568"]
[BlackElo "2000"]
[PlyCount "76"]
[EventDate "2022.07.12"]
[EventType "swiss"]
[EventRounds "9"]
[EventCountry "CAN"]

1. e4 c6 2. d4 d5 3. e5 Bf5 4. h4 h5 5. Bg5 Qb6 6. Bd3 Bxd3 7. Qxd3 e6 8. Nc3
Nd7 9. Nf3 c5 10. Be3 Ne7 11. O-O Nc6 12. Na4 Qb4 13. Nxc5 Nxc5 14. dxc5 Bxc5
15. c3 Qb6 16. Bxc5 Qxc5 17. Rfe1 Rc8 18. Ng5 Ne7 19. g3 Nf5 20. Rac1 Qc4 21.
Qxc4 Rxc4 22. Rc2 Ke7 23. b3 Rc7 24. Nf3 Rhc8 25. Rec1 b5 26. Kf1 f6 27. exf6+
Kxf6 28. Ke1 e5 29. Kd2 e4 30. Nd4 Nxd4 31. cxd4 Rxc2+ 32. Rxc2 Rxc2+ 33. Kxc2
b4 34. Kd2 g5 35. Ke3 gxh4 36. gxh4 Kf5 37. f3 exf3 38. Kxf3 a6 0-1

[Event "CAN op"]
[Site "Hamilton CAN"]
[Date "2022.07.14"]
[Round "5.48"]
[White "Chen, Rachel Ruoxuan"]
[Black "Lu, Eddie"]
[Result "1-0"]
[WhiteElo "1988"]
[BlackElo "1739"]
[PlyCount "39"]
[EventDate "2022.07.12"]
[EventType "swiss"]
[EventRounds "9"]
[EventCountry "CAN"]

1. e4 c5 2. Nf3 d6 3. d4 cxd4 4. Nxd4 Nf6 5. Nc3 a6 6. Bd3 g6 7. f3 Bg7 8. Be3
O-O 9. Qd2 Nc6 10. O-O-O d5 11. Nxc6 bxc6 12. Bh6 Bxh6 13. Qxh6 e5 14. h4 d4
15. Na4 Qa5 16. b3 Be6 17. h5 c5 18. Qg5 Nd7 19. hxg6 fxg6 20. Qe7 1-0

[Event "CAN op"]
[Site "Hamilton CAN"]
[Date "2022.07.14"]
[Round "5.49"]
[White "Faizy, Mohammed"]
[Black "Su, Ethan"]
[Result "0-1"]
[WhiteElo "1503"]
[BlackElo "1987"]
[PlyCount "132"]
[EventDate "2022.07.12"]
[EventType "swiss"]
[EventRounds "9"]
[EventCountry "CAN"]

1. e4 c5 2. Nf3 d6 3. d4 cxd4 4. Nxd4 Nf6 5. Nc3 a6 6. Bg5 e6 7. f4 Qb6 8. Qd2
Nc6 9. Bxf6 gxf6 10. Nb3 h5 11. O-O-O Qc7 12. Be2 b5 13. Bf3 Bb7 14. Kb1 O-O-O
15. a3 Kb8 16. Qf2 h4 17. Ne2 Ne7 18. f5 d5 19. Nc5 Rc8 20. Nxb7 Qxc2+ 21. Ka1
Qc7 22. fxe6 fxe6 23. Nd4 Qxb7 24. Nxe6 dxe4 25. Nc5 Rxc5 26. Qxc5 Nc6 27. Qf5
exf3 28. Qxf6 Bg7 29. Qxf3 Ne5 30. Qf4 Ka8 31. Rhe1 Nc4 32. Re2 Nxb2 33. Rxb2
Bxb2+ 34. Kxb2 Qxg2+ 35. Rd2 Qb7 36. Qd4 Rh7 37. Qd8+ Ka7 38. Qd4+ Ka8 39. Qd8+
Ka7 40. Qd4+ Qb6 41. Qe4 Qc7 42. Rc2 Qg7+ 43. Ka2 Qf7+ 44. Kb2 Qf6+ 45. Ka2 Re7
46. Qd5 Qf7 47. Qxf7 Rxf7 48. Kb3 Rf3+ 49. Kb2 Kb6 50. Re2 h3 51. Re6+ Ka5 52.
Re2 Rf1 53. Kb3 Rf3+ 54. Kb2 Kb6 55. Rc2 a5 56. Re2 b4 57. axb4 axb4 58. Re4
Kb5 59. Re2 Ka4 60. Rd2 Rf1 61. Rd8 Rf2+ 62. Kb1 Rxh2 63. Rg8 Rg2 64. Rc8 h2
65. Rc1 Rg1 66. Kb2 Rxc1 0-1

[Event "CAN op"]
[Site "Hamilton CAN"]
[Date "2022.07.14"]
[Round "5.50"]
[White "Guo, Veronica (Yu Han)"]
[Black "Mutyalapati, Modith Aaroh"]
[Result "1-0"]
[WhiteElo "1984"]
[BlackElo "1688"]
[PlyCount "149"]
[EventDate "2022.07.12"]
[EventType "swiss"]
[EventRounds "9"]
[EventCountry "CAN"]

1. d4 d5 2. c4 c6 3. Nc3 Nf6 4. Nf3 dxc4 5. a4 Bf5 6. e3 e6 7. Bxc4 Bb4 8. O-O
O-O 9. Nh4 Nbd7 10. f3 Nb6 11. Bb3 Nfd5 12. Nxf5 Nxc3 13. bxc3 Bxc3 14. Ra2
exf5 15. Qd3 Bb4 16. Qxf5 Qd7 17. Qd3 Rad8 18. Rd1 Nd5 19. Rc2 Bd6 20. Re2 Qc7
21. g3 Nb4 22. Qc4 a6 23. e4 b5 24. Qc3 c5 25. Ba3 bxa4 26. Bxa4 Qa5 27. dxc5
Bxc5+ 28. Kg2 Qxa4 29. Bb2 f6 30. Rxd8 Rxd8 31. Qxc5 Qd1 32. Qc4+ Kh8 33. Bc3
Nd3 34. Rd2 Nf4+ 35. gxf4 Rxd2+ 36. Bxd2 Qxd2+ 37. Kg3 Qe1+ 38. Kh3 h6 39. Qxa6
Qf2 40. Qc8+ Kh7 41. Qf5+ Kh8 42. Qg4 Qf1+ 43. Kh4 Qf2+ 44. Qg3 Qb6 45. f5 Qd8
46. Qf2 Qb8 47. Qd2 Qc7 48. Kg4 Kh7 49. Kh3 Qc4 50. Qg2 Qf7 51. Qg4 Qc4 52. Kh4
Qf7 53. f4 Qe8 54. Qg2 Qb8 55. Qg6+ Kh8 56. Qg3 Qb1 57. Qe3 Qh1 58. Kg3 h5 59.
Qe2 Kg8 60. Kh4 Qc1 61. Qf3 Qd2 62. h3 Qe1+ 63. Kxh5 Kh7 64. Qg2 Qe3 65. Kg4
Qe1 66. Qf3 Qg1+ 67. Qg3 Qd1+ 68. Kh4 Qe2 69. Qg6+ Kh8 70. Qh5+ Qxh5+ 71. Kxh5
Kh7 72. e5 fxe5 73. fxe5 Kg8 74. Kg6 Kh8 75. e6 1-0

[Event "CAN op"]
[Site "Hamilton CAN"]
[Date "2022.07.14"]
[Round "5.51"]
[White "He, Matthew"]
[Black "Deshpande, Sarthak"]
[Result "1-0"]
[WhiteElo "1945"]
[BlackElo "1595"]
[PlyCount "147"]
[EventDate "2022.07.12"]
[EventType "swiss"]
[EventRounds "9"]
[EventCountry "CAN"]

1. d4 d5 2. c4 c6 3. Nf3 Nf6 4. e3 e6 5. Nc3 Bd6 6. Qc2 Nbd7 7. Be2 dxc4 8.
Bxc4 b5 9. Bd3 a6 10. Ne4 Bb4+ 11. Bd2 Bxd2+ 12. Nfxd2 Qc7 13. Rc1 Bb7 14. O-O
O-O 15. Nf3 Rfd8 16. Nxf6+ Nxf6 17. Ne5 Rac8 18. b4 Qd6 19. Qb1 h6 20. Rc5 Qe7
21. Rfc1 Qe8 22. Qc2 Rd5 23. Rc3 Rd6 24. a3 Nd7 25. Be4 Nxe5 26. dxe5 Rdd8 27.
f4 Rc7 28. Bxc6 Bxc6 29. Rxc6 Rxc6 30. Qxc6 Qxc6 31. Rxc6 Rd3 32. Rxa6 Rxe3 33.
Kf2 Rb3 34. Ra8+ Kh7 35. Ra5 Kg6 36. Rxb5 Rxa3 37. Rb7 Rb3 38. g3 f6 39. exf6
gxf6 40. b5 e5 41. fxe5 fxe5 42. b6 h5 43. Rb8 Kg7 44. b7 Kh7 45. h3 Kg7 46. g4
h4 47. g5 Kh7 48. g6+ Kg7 49. Ke2 e4 50. Kd2 Rb1 51. Ke2 Rb3 52. Kf2 Rb1 53.
Ke3 Rb4 54. Kf4 Rb5 55. Kxe4 Rb4+ 56. Kf3 Rb3+ 57. Kg4 Rb4+ 58. Kg5 Rb5+ 59.
Kxh4 Rb4+ 60. Kg3 Rb3+ 61. Kf4 Rb4+ 62. Ke5 Rb5+ 63. Kd4 Rb4+ 64. Kc3 Rb6 65.
h4 Rc6+ 66. Kd4 Rd6+ 67. Kc5 Rd1 68. Ra8 Rc1+ 69. Kd4 Rd1+ 70. Kc3 Rc1+ 71. Kb2
Rc6 72. b8=Q Rxg6 73. Qf8+ Kh7 74. Qh8# 1-0

[Event "CAN op"]
[Site "Hamilton CAN"]
[Date "2022.07.14"]
[Round "5.52"]
[White "Xu, Andrew"]
[Black "Xu, Ryan"]
[Result "1-0"]
[WhiteElo "1939"]
[BlackElo "1565"]
[PlyCount "87"]
[EventDate "2022.07.12"]
[EventType "swiss"]
[EventRounds "9"]
[EventCountry "CAN"]

1. e4 c5 2. Nf3 d6 3. Bb5+ Bd7 4. Bxd7+ Nxd7 5. c4 Ngf6 6. Nc3 g6 7. O-O Bg7 8.
d4 cxd4 9. Nxd4 O-O 10. Be3 Rc8 11. b3 Ne5 12. f3 a6 13. Rc1 Nc6 14. Nde2 Nd7
15. Nf4 Qa5 16. Qd2 Nc5 17. Nfd5 Rfe8 18. Rb1 Nb4 19. Nxe7+ Rxe7 20. Nd5 Nxd5
21. Qxa5 Nxe3 22. Rfe1 Bd4 23. Qd2 Nc2+ 24. Kf1 Nxe1 25. Qxd4 Ned3 26. b4 Nxb4
27. Rxb4 Rc6 28. Qd1 Rec7 29. Qb1 Re7 30. Kf2 Rec7 31. Kg3 Re7 32. Rb6 Rec7 33.
Rxc6 Rxc6 34. Qd1 Ne6 35. Qd3 Kf8 36. f4 Nc5 37. Qd5 Kg8 38. Kf3 Ne6 39. h4 Ng7
40. g4 h5 41. g5 Kf8 42. f5 gxf5 43. exf5 Ke8 44. g6 1-0

[Event "CAN op"]
[Site "Hamilton CAN"]
[Date "2022.07.14"]
[Round "5.53"]
[White "Wang, Derek"]
[Black "Nicholson, Devin"]
[Result "0-1"]
[WhiteElo "1934"]
[BlackElo "1545"]
[PlyCount "98"]
[EventDate "2022.07.12"]
[EventType "swiss"]
[EventRounds "9"]
[EventCountry "CAN"]

1. Nf3 Nf6 2. d4 e6 3. c4 b6 4. Bg5 Bb4+ 5. Nbd2 Bb7 6. e3 h6 7. Bh4 g5 8. Bg3
g4 9. Ne5 Ne4 10. Qxg4 Bxd2+ 11. Kd1 Qg5 12. Qh3 Nxg3 13. hxg3 Bb4 14. Be2 d6
15. Nd3 Qa5 16. a3 Na6 17. Kc2 Be4 18. axb4 Nxb4+ 19. Kb3 Na2 20. Rhd1 b5 21.
cxb5 Bd5+ 22. Kc2 Qxb5 23. Nf4 Qb3+ 24. Kd2 Qb4+ 25. Kc2 Bb3+ 26. Kd3 Bxd1 27.
Rxd1 Qxb2 28. Bh5 Nb4+ 29. Ke4 Qc2+ 30. Nd3 Qc6+ 31. Kf4 Nd5+ 32. Kf3 Nc3+ 33.
Kg4 Qe4+ 34. Nf4 Nxd1 35. Kh4 Nxf2 36. Qh2 e5 37. Bf3 Qf5 38. g4 Qg5+ 39. Kg3
exf4+ 40. exf4 Qd8 41. Kxf2 d5 42. g5 Qd6 43. Qg3 Rb8 44. Bh5 Rb2+ 45. Kg1 Rb1+
46. Kh2 hxg5 47. Qxg5 Rxh5+ 48. Qxh5 Qxf4+ 49. g3 Qf2+ 0-1

[Event "CAN op"]
[Site "Hamilton CAN"]
[Date "2022.07.14"]
[Round "5.54"]
[White "Russell, Wesley"]
[Black "Pickard, Ryan"]
[Result "1-0"]
[WhiteElo "1287"]
[BlackElo "1920"]
[PlyCount "55"]
[EventDate "2022.07.12"]
[EventType "swiss"]
[EventRounds "9"]
[EventCountry "CAN"]

1. e4 e5 2. Nc3 Bc5 3. g3 Nc6 4. Bg2 d6 5. d3 Be6 6. Nge2 Qd7 7. O-O Bh3 8. Be3
Bxg2 9. Kxg2 Bxe3 10. fxe3 Nge7 11. d4 f5 12. d5 Nd8 13. exf5 Nxf5 14. Qd3 Nh6
15. Ne4 Ndf7 16. c4 O-O 17. b4 c6 18. N2c3 Nf5 19. Rf3 Rac8 20. Raf1 N7h6 21.
Ng5 Ng4 22. Nd1 g6 23. Ne6 Rfe8 24. Rxf5 gxf5 25. Qxf5 Nh6 26. Qg5+ Kh8 27.
Qxh6 cxd5 28. Ng5 1-0

[Event "CAN op"]
[Site "Hamilton CAN"]
[Date "2022.07.14"]
[Round "5.56"]
[White "Heran-Boily, Samuel"]
[Black "Xu, Hannah"]
[Result "1-0"]
[WhiteElo "1871"]
[BlackElo "1295"]
[PlyCount "43"]
[EventDate "2022.07.12"]
[EventType "swiss"]
[EventRounds "9"]
[EventCountry "CAN"]

1. e4 e6 2. d4 d5 3. e5 c5 4. c3 Nc6 5. Nf3 Qb6 6. a3 Bd7 7. b4 c4 8. Nbd2 a6
9. Be2 Qc7 10. Nf1 Nge7 11. Ng3 Nc8 12. O-O Be7 13. Qd2 Nd8 14. Bd1 b5 15. Nh5
Rg8 16. Bc2 Kf8 17. Bxh7 Rh8 18. Qh6 gxh6 19. Bxh6+ Ke8 20. Ng7+ Kf8 21. Nxe6+
Ke8 22. Nxc7# 1-0

[Event "CAN op"]
[Site "Hamilton CAN"]
[Date "2022.07.14"]
[Round "5.57"]
[White "Loadman, Ian"]
[Black "Xie, Irene"]
[Result "1-0"]
[WhiteElo "2086"]
[BlackElo "1455"]
[PlyCount "97"]
[EventDate "2022.07.12"]
[EventType "swiss"]
[EventRounds "9"]
[EventCountry "CAN"]

1. e4 d6 2. d4 g6 3. Nf3 Bg7 4. Nc3 Nf6 5. Be2 O-O 6. O-O Bg4 7. Ng5 Bxe2 8.
Qxe2 e5 9. dxe5 dxe5 10. Rd1 Qe7 11. h3 Nbd7 12. Be3 Nb6 13. a4 Nc8 14. Nf3 b6
15. Bg5 c6 16. Qc4 Qc7 17. Bxf6 Bxf6 18. Nd5 Qd6 19. Nxf6+ Qxf6 20. Rd7 Ne7 21.
Rad1 Rfe8 22. Qc3 Nc8 23. Rc7 c5 24. Rdd7 Nd6 25. Qd3 Red8 26. Qd5 Rxd7 27.
Rxd7 Rd8 28. Rxd8+ Qxd8 29. Nxe5 Qe7 30. Nc6 Qc7 31. e5 Nf5 32. c3 Ne7 33.
Nxe7+ Qxe7 34. g3 Kg7 35. Kg2 Qe6 36. Qxe6 fxe6 37. f4 Kf7 38. Kf3 h6 39. Ke4
g5 40. f5 a6 41. c4 a5 42. fxe6+ Kxe6 43. g4 Ke7 44. Kd5 Kd7 45. e6+ Ke7 46.
Ke5 Ke8 47. Kd6 Kd8 48. e7+ Ke8 49. b3 1-0

[Event "CAN op"]
[Site "Hamilton CAN"]
[Date "2022.07.14"]
[Round "5.58"]
[White "Egorov, Mikhail"]
[Black "Zhong, April Yunwei"]
[Result "1-0"]
[WhiteElo "2055"]
[BlackElo "1452"]
[PlyCount "57"]
[EventDate "2022.07.12"]
[EventType "swiss"]
[EventRounds "9"]
[EventCountry "CAN"]

1. d4 d5 2. Nf3 Nf6 3. e3 c5 4. b3 Nc6 5. Bb2 e6 6. Bd3 Bd6 7. O-O Qc7 8. c4
cxd4 9. exd4 O-O 10. Nc3 dxc4 11. bxc4 b6 12. Rc1 Bf4 13. Nb5 Qd7 14. Rc3 a6
15. Na3 Nb4 16. Bb1 Rd8 17. Rb3 a5 18. Nc2 Nxc2 19. Qxc2 Qc7 20. d5 h6 21. g3
Bd6 22. Bxf6 gxf6 23. Qh7+ Kf8 24. Re1 Bc5 25. Nh4 Qa7 26. Rf3 Bd4 27. Nf5 Ke8
28. Qg8+ Kd7 29. Qxf7# 1-0

[Event "CAN op"]
[Site "Hamilton CAN"]
[Date "2022.07.14"]
[Round "5.59"]
[White "Liu, Henry"]
[Black "Lin, Yu-Liang"]
[Result "1-0"]
[WhiteElo "2041"]
[BlackElo "1425"]
[PlyCount "99"]
[EventDate "2022.07.12"]
[EventType "swiss"]
[EventRounds "9"]
[EventCountry "CAN"]

1. d4 d5 2. Bf4 Nf6 3. Nf3 e6 4. e3 Bd6 5. Ne5 O-O 6. Bd3 Nbd7 7. Nd2 b6 8. c3
Bb7 9. O-O Qe7 10. Ndf3 c5 11. h3 Ne4 12. Nxd7 Qxd7 13. Ne5 Bxe5 14. Bxe5 f5
15. f3 Nf6 16. g4 Qf7 17. gxf5 Qh5 18. Kh2 exf5 19. Rg1 Kh8 20. Rg3 Rg8 21. Qc2
Nd7 22. Rag1 Nxe5 23. dxe5 g6 24. Rg5 Qh6 25. f4 Rae8 26. Qa4 Qh4 27. R5g3 a5
28. Qd7 Qe7 29. Bxf5 Qxd7 30. Bxd7 Re7 31. Bb5 Rf8 32. Rd1 Rf5 33. Rgg1 g5 34.
Bd3 Rff7 35. Rxg5 d4 36. cxd4 cxd4 37. Bc4 Rg7 38. exd4 b5 39. Bxb5 Rc7 40. Rd2
Rc1 41. Rxg7 Kxg7 42. d5 Kh6 43. e6 Re1 44. d6 Kh5 45. d7 Rh1+ 46. Kg3 Rg1+ 47.
Kf2 Rg2+ 48. Ke3 Rg3+ 49. Kd4 Rf3 50. Be2 1-0

[Event "CAN op"]
[Site "Hamilton CAN"]
[Date "2022.07.14"]
[Round "5.60"]
[White "Mok, Erwin"]
[Black "Jiang, Kate"]
[Result "0-1"]
[WhiteElo "1468"]
[BlackElo "1982"]
[PlyCount "106"]
[EventDate "2022.07.12"]
[EventType "swiss"]
[EventRounds "9"]
[EventCountry "CAN"]

1. d4 d5 2. c4 c6 3. cxd5 cxd5 4. Bf4 Nc6 5. Nc3 Nf6 6. e3 Bf5 7. Qb3 Na5 8.
Qa4+ Bd7 9. Bb5 Nc6 10. Nf3 a6 11. Bxc6 Bxc6 12. Qb3 e6 13. Ne5 Nh5 14. Nxc6
bxc6 15. Qb7 Qc8 16. Qxc8+ Rxc8 17. Bg3 Nxg3 18. hxg3 c5 19. dxc5 Bxc5 20. Rh4
Kd7 21. Rd1 Rb8 22. Na4 Ba7 23. Rc4 Rhc8 24. Rcc1 Ke7 25. b3 h5 26. Kd2 d4 27.
exd4 Bxd4 28. Ke2 e5 29. f4 f6 30. Kf3 Ke6 31. fxe5 fxe5 32. Re1 Rf8+ 33. Ke4
Rbc8 34. Rxc8 Rxc8 35. Re2 g6 36. Nb2 Bxb2 37. Rxb2 Rc3 38. a4 a5 39. b4 Rxg3
40. bxa5 Rg4+ 41. Kf3 Rxa4 42. Rb6+ Kf5 43. Rb5 g5 44. g3 Ra3+ 45. Kf2 Ra2+ 46.
Kf3 g4+ 47. Ke3 Rg2 48. a6 Rxg3+ 49. Kf2 Rd3 50. Rb6 h4 51. Rh6 h3 52. Rh5+ Kf4
53. Kg1 Ra3 0-1

[Event "CAN op"]
[Site "Hamilton CAN"]
[Date "2022.07.14"]
[Round "5.61"]
[White "Laughlin, Braden"]
[Black "Suresh, Pavan"]
[Result "0-1"]
[WhiteElo "1896"]
[BlackElo "1413"]
[PlyCount "82"]
[EventDate "2022.07.12"]
[EventType "swiss"]
[EventRounds "9"]
[EventCountry "CAN"]

1. d4 e6 2. c4 d5 3. Nc3 Nf6 4. Nf3 Be7 5. Bg5 c6 6. e3 Nbd7 7. Bd3 O-O 8. O-O
h6 9. Bh4 Nh5 10. Bxe7 Qxe7 11. Nd2 Nhf6 12. e4 dxe4 13. Ndxe4 Nxe4 14. Nxe4
Nf6 15. Qe2 Rd8 16. Qe3 Ng4 17. Qe2 Rxd4 18. Qxg4 Rxd3 19. Qe2 Rd8 20. Rfd1 Bd7
21. c5 Be8 22. Nd6 b6 23. b4 a5 24. bxa5 bxc5 25. Nc4 Rd4 26. Rdb1 Qh4 27. g3
Qf6 28. a4 Bd7 29. Ra3 Bc8 30. Qc2 e5 31. Re1 Bf5 32. Qc3 Rd3 33. Qxd3 Bxd3 34.
Rxd3 Qf5 35. Red1 Kh7 36. Rd7 Qg4 37. Nxe5 Qxa4 38. Nxf7 Rxa5 39. Ne5 c4 40. f4
c3 41. Rc1 Qe4 0-1

[Event "CAN op"]
[Site "Hamilton CAN"]
[Date "2022.07.14"]
[Round "5.62"]
[White "Zabor, Josh"]
[Black "Yang, Larry"]
[Result "0-1"]
[WhiteElo "1467"]
[BlackElo "1807"]
[PlyCount "98"]
[EventDate "2022.07.12"]
[EventType "swiss"]
[EventRounds "9"]
[EventCountry "CAN"]

1. d4 Nf6 2. Nf3 g6 3. c4 Bg7 4. Nc3 O-O 5. e4 d6 6. Be2 e5 7. dxe5 dxe5 8.
Qxd8 Rxd8 9. Bg5 c6 10. O-O Bg4 11. Nxe5 Bxe2 12. Nxe2 Re8 13. Rad1 Nxe4 14.
Bf4 g5 15. f3 gxf4 16. fxe4 Bxe5 17. Nxf4 Bxf4 18. Rxf4 Na6 19. Rd7 Nc5 20.
Rg4+ Kf8 21. Rd4 Rad8 22. Rxd8 Rxd8 23. b4 Ne6 24. b5 c5 25. Rh4 Kg8 26. Rh3
Rd4 27. Ra3 Rxc4 28. Rxa7 Nd8 29. Ra8 Rd4 30. a4 Kg7 31. a5 Ne6 32. b6 Rb4 33.
Rb8 Rb5 34. Rxb7 Rxa5 35. Kf2 Ra3 36. Ke2 Rb3 37. Rb8 Nd4+ 38. Kd2 Nc6 39. Rc8
Rxb6 40. Kc3 Ne5 41. g4 Nxg4 42. Rxc5 Nxh2 43. Rh5 Nf3 44. Kd3 Rg6 45. Ke3 Ng5
46. e5 Ne6 47. Rh3 Rg5 48. Ke4 Rg4+ 49. Kf5 Rf4# 0-1

[Event "CAN op"]
[Site "Hamilton CAN"]
[Date "2022.07.14"]
[Round "5.63"]
[White "Chen, Vincent"]
[Black "Zhang, Michelle"]
[Result "0-1"]
[WhiteElo "1445"]
[BlackElo "1756"]
[PlyCount "90"]
[EventDate "2022.07.12"]
[EventType "swiss"]
[EventRounds "9"]
[EventCountry "CAN"]

1. e4 e6 2. d4 d5 3. exd5 exd5 4. c4 dxc4 5. Bxc4 Bd6 6. Nf3 Nf6 7. Qb3 O-O 8.
O-O Nc6 9. Bd2 h6 10. d5 Ne5 11. Nxe5 Bxe5 12. Re1 Bd6 13. h3 a5 14. Nc3 Nd7
15. Ne4 Nc5 16. Nxc5 Bxc5 17. Qg3 Bd6 18. f4 Qf6 19. Bd3 Qd4+ 20. Kh1 Bb4 21.
Bc3 Bxc3 22. bxc3 Qxd5 23. Rad1 Qc5 24. Re5 Qb6 25. Bc4 Qf6 26. f5 Bxf5 27. Rf1
Qg6 28. Qf3 Be6 29. Bd3 f5 30. Qxb7 Rad8 31. Qa6 Rd6 32. Qb5 c6 33. Qa6 Bd5 34.
Rf2 Qg3 35. Rexf5 Rxf5 36. Qc8+ Kh7 37. Bxf5+ g6 38. Qc7+ Kh8 39. Qc8+ Kh7 40.
Qc7+ Kh8 41. Qb8+ Bg8 42. Rf1 gxf5 43. Qf8 Rg6 44. Rg1 f4 45. Qf5 f3 0-1

[Event "CAN op"]
[Site "Hamilton CAN"]
[Date "2022.07.14"]
[Round "5.64"]
[White "Rajsic, Branislav"]
[Black "Jiang, William"]
[Result "0-1"]
[WhiteElo "1738"]
[BlackElo "1380"]
[PlyCount "90"]
[EventDate "2022.07.12"]
[EventType "swiss"]
[EventRounds "9"]
[EventCountry "CAN"]

1. e4 c5 2. c3 d5 3. exd5 Qxd5 4. d4 Bf5 5. Nf3 Nc6 6. Be2 e6 7. O-O Nf6 8. Be3
cxd4 9. cxd4 Be7 10. Nc3 Qd7 11. Rc1 O-O 12. Ne5 Qd6 13. Nxc6 bxc6 14. Bf3 Bd8
15. Re1 Bc7 16. g3 Rfb8 17. Qa4 Rxb2 18. Bf4 Qd8 19. Bxc7 Qxc7 20. Nd1 Rd2 21.
Bxc6 Rc8 22. Ne3 Rd8 23. Nxf5 exf5 24. Bf3 Qb6 25. Rc5 R2xd4 26. Qb5 Qxb5 27.
Rxb5 Ra4 28. Re2 g6 29. Rb7 Ne4 30. Rc2 Nd6 31. Rbc7 Nb5 32. Rc8 Rxc8 33. Rxc8+
Kg7 34. Bd5 a5 35. Rc2 Ra3 36. Kg2 g5 37. Rc5 Nc3 38. Bc4 Nxa2 39. Rxf5 f6 40.
Rd5 Nb4 41. Rd4 Kg6 42. g4 Rc3 43. Bf7+ Kh6 44. Bh5 Nd3 45. Rd7 Nf4+ 0-1

[Event "CAN op"]
[Site "Hamilton CAN"]
[Date "2022.07.14"]
[Round "5.65"]
[White "Hettigama, Thusitha"]
[Black "Dhaliwal, Jatinder"]
[Result "1/2-1/2"]
[WhiteElo "1711"]
[BlackElo "1377"]
[PlyCount "59"]
[EventDate "2022.07.12"]
[EventType "swiss"]
[EventRounds "9"]
[EventCountry "CAN"]

1. c4 e5 2. Nc3 Nf6 3. Nf3 Nc6 4. e3 Bb4 5. Qc2 Bxc3 6. Qxc3 Qe7 7. d4 Ne4 8.
Qd3 f5 9. a3 O-O 10. d5 Nd8 11. Be2 d6 12. O-O Nc5 13. Qc2 g5 14. b4 Ne4 15.
Nd2 Nxd2 16. Qxd2 f4 17. exf4 gxf4 18. f3 Kh8 19. Bb2 Rg8 20. Rf2 Qh4 21. Bf1
Nf7 22. Re1 Ng5 23. Kh1 Rg6 24. Qe2 Nf7 25. Qd2 Bf5 26. Rfe2 Rag8 27. Qc3 Ng5
28. Rxe5 Qxh2+ 29. Kxh2 Rh6+ 30. Kg1 1/2-1/2

[Event "CAN op"]
[Site "Hamilton CAN"]
[Date "2022.07.14"]
[Round "5.66"]
[White "Hossain, Azher"]
[Black "Chen, Ricky"]
[Result "1-0"]
[WhiteElo "1424"]
[BlackElo "1709"]
[PlyCount "67"]
[EventDate "2022.07.12"]
[EventType "swiss"]
[EventRounds "9"]
[EventCountry "CAN"]

1. d4 g6 2. c4 Bg7 3. Nf3 c5 4. e4 cxd4 5. Nxd4 Nc6 6. Be3 Nf6 7. Nc3 O-O 8.
Be2 d6 9. O-O Ne8 10. Qd2 Bd7 11. f3 a6 12. Rad1 Nc7 13. b3 Ne6 14. Nxe6 Bxe6
15. Nd5 Bxd5 16. cxd5 Ne5 17. Rc1 Rc8 18. Rxc8 Qxc8 19. Rc1 Qb8 20. Qc2 Nd7 21.
b4 b5 22. Qc6 Ne5 23. Qxa6 Qa8 24. Bxb5 Qxa6 25. Bxa6 Ra8 26. b5 Nd7 27. Rc8+
Rxc8 28. Bxc8 Nc5 29. b6 Be5 30. f4 Bc3 31. Bxc5 dxc5 32. b7 Bd4+ 33. Kf1 c4
34. b8=Q 1-0

[Event "CAN op"]
[Site "Hamilton CAN"]
[Date "2022.07.14"]
[Round "5.67"]
[White "Jizan, Masoud"]
[Black "Zhang, James"]
[Result "0-1"]
[WhiteElo "1694"]
[BlackElo "1362"]
[PlyCount "58"]
[EventDate "2022.07.12"]
[EventType "swiss"]
[EventRounds "9"]
[EventCountry "CAN"]

1. e4 c5 2. Nf3 d6 3. Nc3 g6 4. Bc4 Bg7 5. O-O Nc6 6. Ne2 Nf6 7. Ng3 O-O 8. Re1
a6 9. a4 Nd7 10. c3 Nde5 11. Ba2 Bg4 12. d3 Nxf3+ 13. gxf3 Bd7 14. f4 e5 15. f5
Kh8 16. Qg4 gxf5 17. exf5 Qe7 18. d4 cxd4 19. cxd4 Rg8 20. Qh5 Nxd4 21. Kf1 Be8
22. Qh3 Bxa4 23. Bxf7 Bb5+ 24. Ne2 Bxe2+ 25. Rxe2 Qxf7 26. Re4 Qxf5 27. Rh4
Qxh3+ 28. Rxh3 Bf6 29. Be3 Nc2 0-1

[Event "CAN op"]
[Site "Hamilton CAN"]
[Date "2022.07.14"]
[Round "5.68"]
[White "Garel, Rick"]
[Black "Stajov, George"]
[Result "1-0"]
[WhiteElo "1688"]
[BlackElo "1345"]
[PlyCount "99"]
[EventDate "2022.07.12"]
[EventType "swiss"]
[EventRounds "9"]
[EventCountry "CAN"]

1. e4 c5 2. Nc3 d6 3. d3 Nf6 4. g3 Nc6 5. Bg2 e6 6. Nge2 Be7 7. O-O O-O 8. f4
e5 9. f5 Nd4 10. Bg5 Ng4 11. Bxe7 Qxe7 12. Nd5 Qd8 13. Nxd4 Nf6 14. Nxf6+ Qxf6
15. Nf3 Qe7 16. Qd2 f6 17. c3 Bd7 18. Rfd1 Bc6 19. Qc2 Rac8 20. b4 b6 21. Qb3+
Kh8 22. b5 Be8 23. c4 g5 24. fxg6 Bxg6 25. Nh4 Rc7 26. Rf1 Qe6 27. Nf5 Qd7 28.
a4 Qd8 29. a5 Rff7 30. axb6 axb6 31. Ra6 Ra7 32. Rfa1 Rxa6 33. bxa6 Ra7 34. Ne3
Bf7 35. Nd1 Be6 36. Nc3 Bc8 37. Nd5 Rxa6 38. Rxa6 Bxa6 39. Qxb6 Qxb6 40. Nxb6
Kg7 41. Bh3 Kf7 42. Bc8 Bxc8 43. Nxc8 Ke6 44. g4 h6 45. Nb6 h5 46. gxh5 f5 47.
Kf2 fxe4 48. dxe4 Kf6 49. Nc8 Kg5 50. Nxd6 1-0

[Event "CAN op"]
[Site "Hamilton CAN"]
[Date "2022.07.14"]
[Round "5.69"]
[White "Qian, Ashley"]
[Black "Chhatralia, Bhavik"]
[Result "0-1"]
[WhiteElo "1413"]
[BlackElo "1683"]
[PlyCount "104"]
[EventDate "2022.07.12"]
[EventType "swiss"]
[EventRounds "9"]
[EventCountry "CAN"]

1. e4 e5 2. Nf3 Nc6 3. d4 exd4 4. Nxd4 Bc5 5. Be3 Qf6 6. c3 Bb6 7. Be2 Nge7 8.
O-O O-O 9. Nxc6 Nxc6 10. Bxb6 axb6 11. Na3 d6 12. Nc2 Be6 13. b3 Qxc3 14. Ne3
Qe5 15. Bd3 Nb4 16. a3 Nxd3 17. Qxd3 f5 18. exf5 Bxf5 19. Nxf5 Qxf5 20. Qxf5
Rxf5 21. a4 b5 22. Rfc1 Rc5 23. Rxc5 dxc5 24. Kf1 Kf7 25. Ke2 Ke6 26. Kd3 Kd6
27. f4 bxa4 28. bxa4 b5 29. a5 Kd5 30. f5 c4+ 31. Ke3 Kc5 32. g4 b4 33. a6 b3
34. Kd2 Kb4 35. Rc1 b2 36. Rb1 Kb3 37. Re1 Rd8+ 38. Ke3 Re8+ 39. Kf2 Rxe1 40.
Kxe1 b1=Q+ 41. Kf2 c3 42. a7 Qa2+ 43. Kf3 Qxa7 44. f6 gxf6 45. g5 fxg5 46. h4
gxh4 47. Kg4 Qd4+ 48. Kh5 Qg7 49. Kxh4 c2 50. Kh3 c1=R 51. Kh2 Rc6 52. Kh1 Rh6#
0-1

[Event "CAN op"]
[Site "Hamilton CAN"]
[Date "2022.07.14"]
[Round "5.70"]
[White "Zhang, Raymond Tangning"]
[Black "Naidoo, Yedishtra"]
[Result "0-1"]
[WhiteElo "1682"]
[BlackElo "1313"]
[PlyCount "116"]
[EventDate "2022.07.12"]
[EventType "swiss"]
[EventRounds "9"]
[EventCountry "CAN"]

1. d4 Nf6 2. Nf3 g6 3. c4 Bg7 4. Nc3 O-O 5. e4 d6 6. Be2 Nbd7 7. O-O e5 8. a3
Ne8 9. d5 f5 10. Ne1 f4 11. Nd3 g5 12. b4 Ndf6 13. h3 Qe7 14. c5 Qf7 15. cxd6
cxd6 16. f3 Bd7 17. Nf2 a6 18. a4 Nh5 19. Re1 Ng3 20. Bd3 Nf6 21. b5 h5 22. Ba3
Rfc8 23. Rc1 Bf8 24. Nh1 g4 25. Nxg3 fxg3 26. fxg4 hxg4 27. Rf1 gxh3 28. Qf3
hxg2 29. Kxg2 Be7 30. Qxg3+ Qg7 31. Qxg7+ Kxg7 32. b6 Ng4 33. Rf3 Bg5 34. Rcf1
Rxc3 35. Rf7+ Kg6 36. R1f3 Be8 37. Rxb7 Rxa3 38. Ra7 Rb8 39. b7 Ne3+ 40. Kf2
Rxd3 41. Rf8 Ng4+ 42. Ke2 Rb3 43. Ra8 R3xb7 44. Rxe8 Rxe8 45. Rxe8 Kf7 46. Ra8
Rb4 47. Rxa6 Rxe4+ 48. Kf3 Rb4 49. a5 Be7 50. Ra8 Nf6 51. a6 Nxd5 52. a7 Ra4
53. Ke2 Ra3 54. Kd2 e4 55. Ke2 e3 56. Ke1 Ra2 57. Kd1 e2+ 58. Ke1 Bh4# 0-1